STRUCTURAL ANALYSIS VOLUME I (Record no. 5329)

MARC details
000 -LEADER
fixed length control field 00433nam a22001817a 4500
005 - DATE AND TIME OF LATEST TRANSACTION
control field 20170329174049.0
008 - FIXED-LENGTH DATA ELEMENTS--GENERAL INFORMATION
fixed length control field 170329b xxu||||| |||| 00| 0 eng d
020 ## - INTERNATIONAL STANDARD BOOK NUMBER
ISBN 978-93-80386-50-8
041 ## - LANGUAGE CODE
Language code of text/sound track or separate title eng
082 ## - DEWEY DECIMAL CLASSIFICATION NUMBER
Classification number 624.171
100 ## - MAIN ENTRY--AUTHOR NAME
Personal name VAIDYANATHAN,DR R
245 ## - TITLE STATEMENT
Title STRUCTURAL ANALYSIS VOLUME I
250 ## - EDITION STATEMENT
Edition statement 2007
260 ## - PUBLICATION, DISTRIBUTION, ETC. (IMPRINT)
Name of publisher LAXHMI PUBLICATION
300 ## - PHYSICAL DESCRIPTION
Number of Pages 446
650 ## - SUBJECT ADDED ENTRY--TOPICAL TERM
Topical Term CIVIL ENGINEERING
942 ## - ADDED ENTRY ELEMENTS (KOHA)
Koha item type Books
Holdings
Lost status Damaged status Home library Date acquired Source of acquisition Cost, normal purchase price Full call number Accession Number Koha item type Collection code Current library Shelving location
    JRU Library 28/03/2017 PURCHASE 295.00 624.171 21475 Books      
    JRU Library 28/03/2017 PURCHASE 295.00 624.171 21476 Books Reference   SHELF-30-D